00358pab a2200121 454500008004000000100001800040245009100058260000900149300001500158362001100173650001800184773003400202180718b2012 xxu||||| |||| 00| 0 eng d aLudden, David aEmpire meets globalisation: Explaining historical patterns of inequity in South Asia - c2012 ap.213-221. a28 Jul aGlobalization aEconomic and Political Weekly